1792 1862 1300 1368 1905 1553 1549 1919 1470 1926 1881 1227 1621 1521 1202 1381 1782 1337 1194 1576 1194 1614 1397 1561 1089 1420 1569 1553 1361 1083 1127 1558 1708 1992 1600 2000 1697 1538 1145 1961 1585 1204 1027 1343 1831 1953 1892 1868 1404 1500 1427 1799 1113 1217 1436 1493 1559 1174 1455 1975 1944 1243 1437 1434 1970 1846 1434 1519 1982 1806 1915 1439 1998 1059 1130 1738 1961 1910 1092 1238 1279 1457 1728 1260 1714 1127 1365 1101 1179 1815 1194 1384 1534 1553 1639 1687 1876 1631 1121 BCNSPRNW ULIB Ver.6.0+V

เปลี่ยนเป็นภาษาไทย

Change to English
 แสดงรายละเอียดบรรณานุกรม
  กลับหน้าหลัก

Brief Record : Get Marc (ISO 2709) : E-mail record : QR code < ปิดหน้าต่าง
LEADER : 00000nam 2200000uu 4500
001    13399115055
003     ULIB
008    120706s2552||||th 000 0 tha d
020    ^a9786165110013
060 04 ^aWB537^bม139น 2552
100 0  ^aมณีวรรณ เจีย
245 10 ^aนวดไทย "การนวดไทยแผนโบราณ" /^cเขียนโดย มณีวรรณ เจีย และ
250    ^aพิมพ์ครั้งที่ 4
260    ^aกรุงเทพฯ :^bThe Knowledge Center,^c2552
300    ^a112 หน้า :^bภาพประกอบสี ;^c21 ซม.
650  4 ^aการนวด
650  4 ^aการนวด^zไทย
650  4 ^aการบำบัดด้วยการนวด
700 0  ^aแม็กซ์ เจีย
700 0  ^aพงศ์สวาท นิยมค้า,^eผู้แปล
945    ^p195^l0^i16666
995    ^aกัณชพร
999 ^a ใช้งานได้ทุกระบบ
รายการนี้ยังไม่มีแท็ก
คุณยังไม่ได้ล็อกอิน คุณสามารถมีกิจกรรมร่วมกับเว็บไซต์ได้ แต่ต้องล็อกอินก่อน ::
  ล็อกอิน

รายการสื่อสารสนเทศ

ลำดับที่ ประเภท เลขเรียก/บาร์โค้ด สถานที่ สถานะ
- ไม่พบข้อมูล -

รายการใกล้เคียง
    ผู้แต่ง [มณีวรรณ เจีย]

    หัวเรื่อง [การนวด]
    หัวเรื่อง [การบำบัดด้วยการนวด]

BibComment


ยังไม่เคยถูกคอมเมนท์

คอมเมนท์ทรัพยากรรายการนี้
  คอมเมนท์: นวดไทย การนวดไทย..


 Copyright 2026. Bcnsprnw @Library